00697 2200241 4500001002100000005001500021035002000036007000300056008004100059020002200100082000800122084001400130100002200144245010900166260004000275300003800315500001100353500001300364504003100377600002500408990001100433990001100444INLIS00000000000325020190418032018 a0010-0419000026ta190418 e 0 ind  a978-602-6293-44-2 a910 a910 BAS k0 aBASUKI, Antariksa1 aKebijakan Pembangunan Sadar Wisata :bmenuju daya saing kepariwisataan berkelanjutan /cBasuki Antariksa aMalang :bIntrans Publishing,c2018 axiii, 187 hlm. :bilus. ;c23 cm. aIndeks aLampiran aBibliografi : hlm. 166-177 4aGEOGRAFI. PARIWISATA a6707 a a6707 b